01297nam a2200313Ia 450000100060000000300090000600800410001504000130005604000130006904100130008210000240009510000290011924500540014824500310020225000110023326000100024426000090025426000490026330000590031250002500037165000250062165000310064694200070067795700060068499900170069099900070070799900060071495202630072010967IT-RoPAU130308s9999 xx 000 0 und d aIT-RoPAU cIT-RoPAU aFRANCESE aRichaudeau Francois gCodice Aut. SPICS: 2061 aLisibilitè et l'efficacitè de l'ecriture (La) bSavoir Ecrire Moderne (Le) a1a ed. aPARIS bRetz c1980 [1° Ed.:1980 - Ed.Ling.Originale:1980] a"36 p. (prefazione: no ; testo: 36 [pagine: 217-252])" aLeggibilità ed Efficacia della Scrittura Fondamenti Teorici pensiero e Linguaggio Percezione delle Parole e delle Frasi Memoria e Linguaggio Formule di Leggibilità e di Efficacia Elaborazione della formula di Efficacia 5 grafici Esplicativi aSAGGI DI LINGUISTICA eCodice materia Spics: 3207 cBK 71 c40078d40078 bSI g1 001040610967_00000000000000071aSPICSbSPICSd2013-03-08l0o10967r2013-03-08 00:00:00w2013-03-08yBKzProgressivo inserimento: 4037 / N. Volumi: 0 [=Contributo] Copie: 1 Copia Rara: SI / data import: 1 marzo 2013 - By Epidotti, Trombetti, Vaglietti.